Hodnotenie podnikov pomocou skóringovej funkcie dizertačná práca

Guardado en:
Detalles Bibliográficos
Autor principal: Janisová, Marianna
Autor Corporativo: Fakulta podnikového manažmentu EU. Katedra podnikových financií
Otros Autores: Harumová, Anna, 1955-
Formato: Libro
Lenguaje:eslovaco
Publicado: Bratislava 2013
Materias:
Etiquetas: Agregar Etiqueta
Sin Etiquetas, Sea el primero en etiquetar este registro!

MARC

LEADER 00000nbm a2200000 4500
001 0176211
005 20240502073014.5
041 0 |a slo 
044 |a SK 
245 1 0 |a Hodnotenie podnikov pomocou skóringovej funkcie  |b dizertačná práca  |c Marianna Janisová ; školiteľ: Anna Harumová 
264 1 |a Bratislava  |c 2013 
300 |a 95 s. 
610 2 0 |a výkonnosť podniku 
610 2 0 |a solventnosť 
610 2 0 |a financie podnikové 
610 2 0 |a rozhodovanie podnikové 
610 2 0 |a riadenie podnikové 
610 2 0 |a ukazovatele finančné 
100 1 |a Janisová, Marianna 
700 1 |a Harumová, Anna, 1955- 
710 2 |a Fakulta podnikového manažmentu EU. Katedra podnikových financií